Rozbor toků informací v organizační struktuře podniku.

Metodika rozboru tokov informácií, ktoré vychádzajú zo spracovaného organizačného poriadku na počítači. Organizačný poriadok podniku a nadväzné subsystémy. Informačné poriadky podniku a ich úlohy. Rozbory tokov informácií. Vzťahy medzi kvantitatívnymi údajmi a organizačnou štruktúrou. Organizačná št...

ver descrição completa

Na minha lista:
Detalhes bibliográficos
Autor principal: Sotona, F.
Formato: Capítulo de Livro
Idioma:tcheco
Assuntos:
Tags: Adicionar Tag
Sem tags, seja o primeiro a adicionar uma tag!

MARC

LEADER 00000naa a2200000 4500
001 r004872
005 20221125080440.4
041 0 |a cze 
044 |a [CS] 
245 1 0 |a Rozbor toků informací v organizační struktuře podniku.  |c F. Sotona 
520 |a Metodika rozboru tokov informácií, ktoré vychádzajú zo spracovaného organizačného poriadku na počítači. Organizačný poriadok podniku a nadväzné subsystémy. Informačné poriadky podniku a ich úlohy. Rozbory tokov informácií. Vzťahy medzi kvantitatívnymi údajmi a organizačnou štruktúrou. Organizačná štruktúra a informačné systémy. Čas, prácnosť, náklady, prínosy. 
610 2 0 |a tok informácií 
610 2 0 |a štruktúra podniku organizačná 
610 2 0 |a poriadok organizačný 
610 2 0 |a systémy informačné podnikové 
100 1 |a Sotona, F.